El Derecho de disolución del parlamento / por Gaspar Bayón y Chacón ; prólogo de Nicolás Pérez Serrano
Descripción Física:
XV, 324 p. ; 25 cm
Otros Autores:
Pérez Serrano, Nicolás, pr
MARC
| LEADER | 00000nam a2200000Ia 4500 | ||
|---|---|---|---|
| 001 | 750 | ||
| 008 | 160829s1935 xx 000 0 cat d | ||
| 080 | |a D-1-37 | ||
| 100 | |a Bayón Chacón, Gaspar |9 26100 | ||
| 245 | |a El Derecho de disolución del parlamento / por Gaspar Bayón y Chacón ; prólogo de Nicolás Pérez Serrano | ||
| 260 | |a Madrid : |b (Tipografía de Archivos), |c 1935 | ||
| 300 | |a XV, 324 p. ; |c 25 cm | ||
| 490 | |a Trabajos del Instituto González Posada de Derecho Público ; 2 | ||
| 650 | |a Procediment parlamentari |x Espanya |9 26101 | ||
| 650 | |a Dret constitucional |x Espanya |9 44633 | ||
| 700 | |a Pérez Serrano, Nicolás, pr. |9 26103 | ||
| 901 | |a Arxiu | ||
| 942 | |n 1 | ||
| 952 | |0 0 |1 0 |4 0 |6 D137 |7 1 |9 43881 |a Arxiu |b Arxiu |d 2016-12-01 |l 0 |o D-1-37 |p 750 |r 2016-12-01 00:00:00 |w 2016-12-01 |y ARXIU | ||
| 999 | |c 46461 |d 46461 | ||